Statistics for Religions of Angola

Click here to take the quiz!

General Stats

  • This quiz has been taken 58 times
  • The average score is 2 of 4

Answer Stats

PercentageReligion% Correct
50%Catholic Christian
96%
25%Protestant Christian
76%
1%Sunni Islam
51%
24%Indigenous Beliefs
20%

Score Distribution

Percentile by Number Answered

Percent of People with Each Score

Your Score History

You have not taken this quiz